000
00211 a2200097 4500
001
19316
100
_a
Grant, E L
245
_a
Stalistical quality control
260
_a
_b
MC Graw Hill
_c
090
_c
14183
_d
14183
942
_a
NUST-CAE
_c
M
_c
4651
999
_c
254389
_d
254389